000
00321nam a22001217a 4500
008
181220b xxu||||| |||| 00| 0 eng d
041
_a
eng
080
_a
573
100
_a
11
101
_a
BIO
245
_a
Elementary Statistics with applications in Medicine and the Biological Sciences
_c
Croxton,F.E
942
_2
udc
_c
BK
999
_c
53536
_d
53536